000
00329nam a2200157Ia 4500
100
_a
Nambudiripad/K.B.M
650
_a
LATEX
942
_c
BK
366
_f
25
654
_a
LATEX
245
_a
Latex for begineers
260
_b
Narosa Publication House
_c
2014
082
_b
NAM
546
_a
ENGLISH
_c
Computers
999
_c
28524
_d
28524